Ordenanzas de construcción (Record no. 110312)

MARC details
000 -LEADER
campo de control de longitud fija 00478nam a2200157 4500
001 - NÚMERO DE CONTROL
campo de control 110312
003 - IDENTIFICADOR DE NÚMERO DE CONTROL
campo de control ES-MaACL
005 - FECHA Y HORA DE LA ÚLTIMA TRANSACCIÓN
campo de control 20230906185025.0
007 - CAMPO FIJO DE DESCRIPCIÓN FÍSICA--INFORMACIÓN GENERAL
campo de control de longitud fija t|
008 - DATOS DE LONGITUD FIJA--INFORMACIÓN GENERAL
campo de control de longitud fija 061121s1958 sp r ||||1| spa d
110 2# - ENTRADA PRINCIPAL--NOMBRE DE ENTIDAD CORPORATIVA
Nombre de entidad corporativa o nombre de jurisdicción como elemento de entrada Castellón.
Unidad subordinada Ayuntamiento.
9 (RLIN) 2491
245 10 - MENCIÓN DEL TÍTULO
Título Ordenanzas de construcción
Resto del título : plan de ordenación parcial de Val de Uxó.
260 ## - PUBLICACIÓN, DISTRIBUCIÓN, ETC.
Lugar de publicación, distribución, etc. Castellón :
Nombre del editor, distribuidor, etc. [s.n.],
Fecha de publicación, distribución, etc. 1958 (
Fabricante Imp. Armengot)
300 ## - DESCRIPCIÓN FÍSICA
Extensión 22 p. ;
Dimensiones 24 cm.
852 ## - LOCALIZACIÓN
Ubicación ES-MaACL
Número de control de estantería 2009-F-3
Sublocalización o colección R.42263
Holdings
Estatus retirado Estado de pérdida Estado de daño No para préstamo Colección Biblioteca de origen Biblioteca actual Ubicación en estantería Fecha de adquisición Fuente de adquisición Total de préstamos Signatura topográfica completa Código de barras Visto por última vez Precio de reemplazo Tipo de ítem Koha
        Colección de folletos Biblioteca del Ateneo de Madrid Biblioteca del Ateneo de Madrid Depósito folletos 17/01/2008     2009-F-3 1115088 23/02/2023 23/02/2023 Folleto